000 02844nam a2200577Ia 4500
001 4090
008 241029s9999 xx 000 0 und d
010 _a3840
041 _aEspañol
082 _aNO APLICA
245 0 _aEstrategias innovadoras para el abordaje del aprendizaje en aulas sobre pobladas, del Centro Educativo Felipe Antonio Jiménez en el Nivel Básico, Bonao 2011-2012
260 _aSan Pedro de Macorís
300 _a107
520 _a49
630 _aAcompañamiento Escolar
630 _aAprendizaje
630 _aEstrategia
630 _aEstrategia Docente
630 _aInnovaciones Educativas
650 _aPedagogía
690 _aElaborado
700 _easesor
_aContreras , Ana Dolores
700 _eautor
_aReyes Rosario, Francisca
700 _eautor
_aReyes Rosario , Narcisa
901 _a{"1":"Reyes Rosario","2":"Reyes Rosario "}
_b{"1":" Francisca","2":" Narcisa"}
902 _a1
903 _a{"1":"Contreras "}
_b{"1":"Ana Dolores"}
904 _aMaestría en
905 _aOrientación Educativa e Intervención Psicopedagógica
906 _a2
907 _aNO APLICA
908 _aNO APLICA
909 _aUniversidad Autónoma de Santo Domingo (UASD)
910 _aNULL
_bNULL
911 _a["1"]
912 _aNO APLICA
913 _aNULL
914 _a01 de Febrero de 2015
915 _a30/06/15 10:06
916 _aNULL
917 _aNULL
918 _aNO APLICA
919 _a["207","18","92","94","118"]
520 _aLos principales objetivos de estudio consistieron en: determinar las estrategias utilizadas por el profesorado en el centro educativo Felipe Antonio Jiménez, del Nivel Básico. Desarrollar e implementar un programa de estrategias innovadoras con los(as) docentes, para garantizar que el proceso educativo sea significativo y de calidad. La metodología utilizada fue de corte cualitativo y modalidad descriptiva. Como técnicas se utilizaron; el análisis FODA, la observación, informe escrito, triangulación, entre otros. Se trabajo con una población de 13 docentes; 10 hembras y 3 varones, del Centro Educativo Felipe Antonio Jiménez, Nivel Básico.El estudio concluyó, que los docentes se han empoderado de herramientas constituidas por las estrategias innovadoras que llenan de sentido, creatividad, entusiasmo y motivación el desarrollo del proceso educativo en las aulas sobre pobladas.El estudio recomendó, que la formación y entrenamiento sobre estrategias innovadoras a los docentes, sea continuo,  permanente y que el Ministerio de Educación, asuma esta formación. Que la facultad de Ciencia de la Educación, incorpore en el plan de estudio asignaturas sobre estrategias innovadoras.
921 _a12
922 _a12
923 _a0
924 _aNO APLICA
942 _cTesis
999 _c3840
_d3840